[Event "MGL-HUN Friendship Cup 2019"]
[Site "Debrecen"]
[Date "2019.09.09"]
[Round "1.1"]
[White "Laketic, Gojko"]
[Black "Lajthajm, Borko"]
[Result "1/2-1/2"]
[WhiteElo "2367"]
[BlackElo "2414"]
[Annotator "TA"]
[PlyCount "45"]
[EventDate "2019.09.09"]
[EventType "tourn"]
[EventCountry "HUN"]
[SourceTitle "playchess.com"]
[Source "ChessBase"]
[SourceQuality "1"]

{[%evp 22,45,23,0,36,9,13,6,12,6,14,14,44,0,31,31,31,25,28,22,31,15,35,5,6,7]} 1. e4 e5 2. Nf3 Nc6 3. Bb5 d6 4. d4 Bd7 5. Nc3 Nf6 6. O-O Be7 7. Re1 exd4 8. Nxd4 Nxd4 9. Qxd4 Bxb5 10. Nxb5 a6 11. Nc3 O-O 12. b3 Nd7 {C66: Ruy Lopez: Steinitz Defence} 13. Bb2 (13. Qd2 Bf6 14. Ba3 Re8 15. Rad1 Bxc3 16. Qxc3 Rc8 17. Bb2 Qf6 18. Qxf6 Nxf6 19. Bxf6 gxf6 20. g4 {1-0 (39) Sivokho,S (2486)-Golovankov,V (2293) St Petersburg 2008}) 13... Bf6 14. Qd2 Re8 $146 ({Predecessor:} 14... Nc5 15. Rab1 Re8 16. f3 Ne6 17. Nd5 Bxb2 18. Rxb2 c6 19. Ne3 Nc7 20. c4 d5 21. exd5 cxd5 22. Nxd5 Rxe1+ 23. Qxe1 Nxd5 24. cxd5 Qxd5 {½-½ (24) Podobnik,M (2244)-Bentsen,H (2164) Dos Hermanas 2004}) 15. Rad1 Nc5 16. Ba1 Ne6 17. Qc1 Bxc3 18. Bxc3 Qe7 19. Qe3 f6 20. Qd2 Qf7 21. Qd5 Nc5 22. Qxf7+ Kxf7 23. f3 {Accuracy: White = 32%, Black = 58%.} 1/2-1/2

[Event "MGL-HUN Friendship Cup 2019"]
[Site "Debrecen"]
[Date "2019.09.09"]
[Round "1.2"]
[White "Kovchan, Alexander"]
[Black "Varga, Zoltan"]
[Result "1-0"]
[WhiteElo "2567"]
[BlackElo "2437"]
[Annotator "TA"]
[PlyCount "111"]
[EventDate "2019.09.09"]
[EventType "tourn"]
[EventCountry "HUN"]
[SourceTitle "playchess.com"]
[Source "ChessBase"]
[SourceQuality "1"]

{[%evp 18,111,31,36,36,23,29,24,34,0,0,0,0,-1,0,0,0,0,0,0,44,-12,-12,-9,-9,-13,28,28,27,23,34,31,26,19,27,27,20,22,23,26,26,16,20,14,62,22,31,36,80,62,66,67,59,59,59,60,60,67,67,68,64,64,66,39,60,60,60,60,68,68,68,68,75,74,75,75,75,73,75,8,142,111,112,112,122,60,207,198,194,197,207,211,204,203,192,192]} 1. e4 Nf6 2. e5 Nd5 3. d4 d6 4. Nf3 c6 5. c4 Nc7 6. Be2 dxe5 7. Nxe5 Nd7 8. Nf3 g6 9. O-O Bg7 10. Nc3 O-O {B04: Alekhine's Defence: 4 Nf3} 11. Bf4 c5 (11... Nf6 12. h3 Bf5 13. Be5 Ne4 14. Bxg7 Kxg7 15. Re1 Nf6 16. Qd2 Qd6 17. Rad1 Rad8 18. Qe3 {1-0 (33) Eljanov,P (2734)-Kasimdzhanov,R (2676) Douglas 2017}) 12. d5 e5 {White has an edge.} 13. dxe6 Nxe6 14. Bg3 $146 ({Predecessor:} 14. Be3 Ne5 15. Qxd8 Rxd8 16. Rad1 {½-½ (16) Vogt,L (2418)-Zilberman,Y (2383) Vienna 2015}) 14... Nf6 15. Be5 Qxd1 16. Rfxd1 b6 17. a4 Bb7 18. a5 Ne4 19. Nb5 (19. a6 $14 Bc6 20. Bxg7 Kxg7 21. Ne5 Nxc3 22. bxc3) 19... bxa5 $11 20. Rd7 Bc6 21. Rxa7 (21. Bxg7 {feels hotter.} Kxg7 22. Rxa7 Rxa7 23. Nxa7 Bb7 24. Rxa5 Rd8 25. Ra1) 21... Bxe5 22. Nxe5 Bxb5 23. Rxa8 Rxa8 24. cxb5 {Bf3 is the strong threat.} Nd4 25. Bf1 Nd6 26. b6 Rb8 $1 27. Nd7 Rb7 28. Nf6+ Kg7 29. Nd5 Nc6 $1 30. Rd1 c4 31. f4 h5 32. g3 Rb8 33. Ne3 Nc8 34. Nxc4 Nxb6 35. Nxb6 Rxb6 $14 {[%mdl 4096] Endgame KRB-KRN} 36. Rd6 {[#] Black must now prevent Bg2.} a4 37. Bc4 Kf8 38. Bd5 a3 $1 {[%cal Ra3b2]} 39. bxa3 Rb1+ 40. Kg2 Rb2+ 41. Kh3 Ne7 {[#] Threatens to win with ...Rd2.} 42. Bc4 Nf5 43. Rd8+ Ke7 44. Rd3 Rc2 45. Bb3 Rb2 46. Bd1 f6 47. a4 Ra2 48. Rc3 (48. Bb3 $16 Ra1 49. Rd1) 48... Nh6 (48... Nd4 $11 {keeps the balance.}) 49. Re3+ Kf8 50. Re2 Ra3 51. Rb2 (51. Re6 $16) 51... Ra1 (51... Ng4 $1 $14) 52. Rb8+ {White is clearly better.} Kg7 53. Rb7+ Kf8 54. Bc2 g5 55. fxg5 fxg5 56. Rh7 {Accuracy: White = 68%, Black = 63%.} 1-0

[Event "MGL-HUN Friendship Cup 2019"]
[Site "Debrecen"]
[Date "2019.09.09"]
[Round "1.3"]
[White "Baklan, Vladimir"]
[Black "Nomin-Erdene, Davaademberel"]
[Result "1/2-1/2"]
[WhiteElo "2604"]
[BlackElo "2377"]
[Annotator "TA"]
[PlyCount "39"]
[EventDate "2019.09.09"]
[EventType "tourn"]
[EventCountry "HUN"]
[SourceTitle "playchess.com"]
[Source "ChessBase"]
[SourceQuality "1"]

{[%evp 21,39,8,10,5,15,15,9,-9,-9,-9,-4,-7,-6,-2,-6,-7,0,0,0,0]} 1. e4 c6 2. d4 d5 3. Nd2 {[%cal Bb1d2,Bd2e4,Be4g3][%mdl 32]} dxe4 4. Nxe4 Bf5 5. Ng3 Bg6 6. Nh3 Nf6 7. Nf4 e5 8. Nxg6 hxg6 9. dxe5 Qa5+ 10. Bd2 Qxe5+ 11. Qe2 Nbd7 {The position is equal.} 12. O-O-O {[#] Hoping for Qxe5+. B18: Classical Caro-Kann: 4...Bf5 sidelines} O-O-O 13. Qxe5 Nxe5 14. h3 Bc5 15. f4 Ned7 16. Bc4 Bf2 17. Be1 Be3+ 18. Bd2 $1 {[%cal Rd2e3] [#]} Bf2 $146 ({Predecessor:} 18... Bxd2+ 19. Rxd2 Rhf8 {½-½ (67) Bokros,A (2472)-Dreev,A (2638) Kragujevac 2015}) 19. Be1 Be3+ 20. Bd2 $1 1/2-1/2

[Event "MGL-HUN Friendship Cup 2019"]
[Site "Debrecen"]
[Date "2019.09.10"]
[Round "2.1"]
[White "Lajthajm, Borko"]
[Black "Nomin-Erdene, Davaademberel"]
[Result "1/2-1/2"]
[WhiteElo "2414"]
[BlackElo "2377"]
[Annotator "TA"]
[PlyCount "40"]
[EventDate "2019.09.09"]
[EventType "tourn"]
[EventCountry "HUN"]
[SourceTitle "playchess.com"]
[Source "ChessBase"]
[SourceQuality "1"]

{[%evp 13,40,12,31,13,10,22,22,0,0,0,0,-15,34,13,16,15,20,20,18,22,48,10,16,7,7,0,0,0,0]} 1. d4 d5 2. c4 c6 3. Nc3 Nf6 4. Nf3 e6 5. Bg5 h6 6. Bxf6 Qxf6 7. e3 g6 8. Be2 {D43: Semi-Slav: 5 Bg5 h6} (8. Ne5 Bg7 9. f4 Nd7 10. h4 Qe7 11. Qc2 O-O 12. O-O-O Nxe5 13. fxe5 Bd7 14. g4 f6 15. Qxg6 fxe5 {½-½ (29) Mamedyarov,S (2764)-Giri,A (2779) Saint Louis 2019}) 8... Bg7 9. O-O Nd7 10. Rc1 O-O 11. Qc2 Qe7 12. Rfe1 b6 $146 ({Predecessor:} 12... dxc4 13. Bxc4 a6 14. Bb3 b6 15. a4 Bb7 {½-½ (48) Timofeev,A (2553)-Rodshtein,M (2654) Sochi 2015}) 13. Qa4 Bb7 14. cxd5 exd5 15. Ba6 Bxa6 16. Qxa6 Qd6 17. Ne2 Rfc8 {The position is equal.} 18. Nf4 Rc7 19. Nd3 Rac8 20. Red1 Nb8 {Accuracy: White = 36%, Black = 64%.} 1/2-1/2

[Event "MGL-HUN Friendship Cup 2019"]
[Site "Debrecen"]
[Date "2019.09.10"]
[Round "2.2"]
[White "Varga, Zoltan"]
[Black "Baklan, Vladimir"]
[Result "1/2-1/2"]
[WhiteElo "2437"]
[BlackElo "2604"]
[Annotator "TA"]
[PlyCount "45"]
[EventDate "2019.09.09"]
[EventType "tourn"]
[EventCountry "HUN"]
[SourceTitle "playchess.com"]
[Source "ChessBase"]
[SourceQuality "1"]

{[%evp 10,45,22,0,9,8,8,-21,9,8,16,11,13,0,12,-13,0,-16,-16,-21,-12,-43,-43,-54,-53,-44,-43,-43,-18,-12,-12,0,0,-11,4,0,20,20]} 1. d4 Nf6 2. c4 e6 3. Nf3 Bb4+ 4. Bd2 a5 5. g3 d5 6. a3 Be7 {E11: Bogo-Indian} 7. Bg2 O-O 8. O-O c6 9. Qc2 b6 (9... Nbd7 10. Bf4 b6 11. cxd5 cxd5 12. Bc7 Qe8 13. Rc1 Ba6 14. Qd1 Rc8 15. Nbd2 Bd8 16. Bd6 Rxc1 17. Rxc1 Be7 18. Bxe7 Qxe7 {½-½ (25) Rychagov,A (2552)-Postny,E (2648) Kavala 2015}) 10. cxd5 cxd5 11. Ne5 Ba6 12. Re1 (12. Nc3 {looks sharper.} Nfd7 13. Nf3 Nf6 14. Bf4 Nh5 15. Be3) 12... Nfd7 13. Nxd7 Nxd7 14. Nc3 $146 {[%cal Bb1c3,Bc3a2,Ba2b4][%mdl 32]} ({Predecessor:} 14. Bc3 Nf6 15. Nd2 b5 16. b4 {0-1 (23) Abegg,B (1893)-Eperjesi,L (2177) Triesen 2011}) 14... Rc8 15. Rac1 b5 {[#] White must now prevent ...b4.} 16. Qb1 b4 17. axb4 axb4 18. Na2 b3 19. Rxc8 {The position is equal.} Qxc8 20. Nb4 Bb5 21. e4 dxe4 22. Rc1 Qd8 23. Qxe4 {Accuracy: White = 46%, Black = 53%.} 1/2-1/2

[Event "MGL-HUN Friendship Cup 2019"]
[Site "Debrecen"]
[Date "2019.09.10"]
[Round "2.3"]
[White "Laketic, Gojko"]
[Black "Kovchan, Alexander"]
[Result "1/2-1/2"]
[WhiteElo "2367"]
[BlackElo "2567"]
[Annotator "TA"]
[PlyCount "98"]
[EventDate "2019.09.09"]
[EventType "tourn"]
[EventCountry "HUN"]
[SourceTitle "playchess.com"]
[Source "ChessBase"]
[SourceQuality "1"]

{[%evp 13,98,-6,6,7,0,17,8,0,19,25,41,14,22,38,18,-20,-23,-17,-16,-44,-42,-49,-49,-63,-48,-55,-60,-52,-39,-41,-41,-59,-48,-45,-8,-8,-15,-10,-9,-25,-25,-42,-49,-105,-78,-146,-106,-124,-83,-91,-74,-87,-77,-60,-38,-239,-216,-183,-205,-176,-231,-216,-8,-8,-8,-8,-8,-8,-8,-8,-4,-4,0,0,0,0,0,0,0,0,0,0,0,0,0,0,0]} 1. d4 Nf6 2. Nf3 g6 3. c4 Bg7 4. Nc3 d5 5. cxd5 Nxd5 6. Bd2 c5 7. Rc1 O-O 8. dxc5 {D90: Grünfeld: 4 Nf3 Bg7 sidelines} (8. Nxd5 Qxd5 9. Rxc5 Qxa2 10. e3 Qxb2 11. Bc4 a6 12. O-O Nc6 13. Bd5 Bd7 14. Bc3 Qb6 15. Qa1 e6 {1-0 (25) Li,D (2488)-Bykhovsky,A (2496) chess.com INT 2019}) 8... Nxc3 9. Bxc3 Qxd1+ 10. Kxd1 Rd8+ 11. Ke1 $146 ({Predecessor:} 11. Nd2 Bxc3 12. Rxc3 Be6 13. a3 Nd7 14. e3 b6 15. cxb6 Nxb6 {0-1 (39) Sokolovs,J (2178)-Soergel,F (2038) Fuerth 2000}) 11... Be6 12. a3 Nd7 13. Bxg7 Kxg7 14. Nd4 {[#]} Nxc5 $1 {[%mdl 512]} 15. Nxe6+ (15. Rxc5 Rxd4) 15... Nxe6 16. e3 Rac8 17. Rxc8 Rxc8 $15 {[%mdl 4096] Endgame KRB-KRN} 18. Kd2 Nc5 $1 19. f3 Nb3+ 20. Kd3 a5 21. Be2 f5 22. Bd1 Rc1 23. f4 a4 24. g3 Kf6 25. Bf3 {And now Rxc1 would win.} Rc7 26. Rd1 e5 27. fxe5+ Kxe5 28. Re1 (28. g4 $15) 28... g5 29. Bd1 (29. Rd1 $142) 29... Rc1 30. Rh1 b5 31. Bf3 {Threatening Rxc1.} Rc7 32. Rd1 g4 33. Bg2 h5 34. Rf1 $2 ({White should play} 34. Ba8 $15) 34... Rd7+ $19 35. Kc3 Rd2 36. Bc6 Rxh2 {Strongly threatening ...Nd2.} 37. Bd7 Nc5 $2 (37... Ke4 $19 38. Rxf5 (38. Bxb5 $2 Nd2 $17) 38... Nc1 39. Rf4+ Kxe3 40. Bxb5 Na2+ 41. Kc4 Rc2+ 42. Kd5 Rxb2) 38. Rxf5+ $11 {The position is equal.} Kd6 39. Bxb5 Ne4+ {[%mdl 64] Double Attack} 40. Kd4 Nxg3 41. Rf6+ Ke7 42. Ke5 $1 Rc2 {Threatens to win with ...Rc5+.} 43. Re6+ Kf7 {White must now prevent ...Rc5+.} 44. Be8+ Kg7 45. Kf4 Ne2+ 46. Kg5 g3 {...g2 is the strong threat.} 47. Bxh5 g2 48. Re7+ {[#]} Kf8 $1 {[%mdl 512]} 49. Re8+ Kg7 {Accuracy: White = 58%, Black = 63%.} 1/2-1/2

[Event "MGL-HUN Friendship Cup 2019"]
[Site "Debrecen"]
[Date "2019.09.10"]
[Round "3.1"]
[White "Kovchan, Alexander"]
[Black "Lajthajm, Borko"]
[Result "1-0"]
[WhiteElo "2567"]
[BlackElo "2414"]
[Annotator "TA"]
[PlyCount "107"]
[EventDate "2019.09.09"]
[EventType "tourn"]
[EventCountry "HUN"]
[SourceTitle "playchess.com"]
[Source "ChessBase"]
[SourceQuality "1"]

{[%evp 11,107,37,42,34,35,23,53,45,56,50,95,59,74,-22,-15,-29,16,14,36,-16,21,4,31,31,173,173,173,156,182,180,175,183,179,176,188,162,168,156,160,101,174,170,220,213,209,196,233,214,196,186,239,229,224,218,304,276,353,349,414,418,492,460,451,448,431,448,580,249,282,277,397,415,419,418,549,547,543,527,477,477,933,950,897,860,765,740,686,426,3952,3371,2243,1922,4133,2320,3575,2370,29987,29988]} 1. e4 e5 2. Nf3 Nc6 3. Bb5 a6 4. Ba4 g6 5. c3 d6 6. d4 Bd7 7. d5 {C76: Ruy Lopez: Deferred Steinitz: 5 c3 Bd7 6 d4 g6} Nce7 8. c4 (8. O-O {looks sharper.} h6 9. c4 b5 10. Bc2 Bg7 11. c5) 8... b6 $146 ({Predecessor:} 8... Bg7 9. Nc3 h6 10. O-O f5 11. Bxd7+ Qxd7 12. Ne1 Nf6 13. f3 O-O 14. Nd3 f4 15. c5 Kh8 16. Qa4 Qd8 17. Qb4 Rb8 18. b3 g5 19. Ba3 Ne8 {0-1 (76) Durarbayli,V (2590)-Lenic,L (2659) Dubai 2014}) 9. Bxd7+ {White is slightly better.} (9. Nc3 {keeps more tension.} Bg7 10. O-O Nf6 11. Bc2 Nh5 12. Bd2) 9... Qxd7 10. Nc3 h5 11. b4 a5 12. c5 (12. b5 $16) 12... axb4 $11 13. c6 Qc8 (13... Qg4 $5 {[%cal Rb4c3]} 14. h3 Qxg2 $11) 14. Nb5 Ra5 15. Qe2 (15. a4 $14) 15... Bh6 16. Nd2 Nf6 17. f3 Bxd2+ ({Black should play} 17... h4 $14) 18. Bxd2 $18 O-O 19. Bxb4 Ra4 {[#]} 20. a3 $1 Ne8 {[#]} 21. f4 $1 {[%mdl 512]} exf4 22. O-O Qa6 23. Rad1 {[%cal Ba1d1,Bd1d2,Bd2e2][%mdl 32]} Nc8 24. Rd2 (24. Rxf4 $6 Na7 $14) 24... f6 25. Rxf4 (25. h4 $142) 25... Rf7 (25... Na7 $16) 26. h4 Na7 {[#]} 27. Nd4 $1 Qxe2 28. Rxe2 Nc8 29. g4 hxg4 30. Rxg4 Kh7 (30... Rh7 {is a better defense.} 31. Rxg6+ Kf7) 31. Reg2 Ne7 32. Ne6 Ra7 33. Rf2 Kh8 34. Rg3 Ng7 35. Bc3 Nh5 36. Rgf3 Ng8 {[#]} 37. e5 $1 {[%mdl 512]} dxe5 {[#]} 38. Bxe5 $1 {[%mdl 576] Pin} Re7 (38... fxe5 39. Rxf7) 39. Bb2 (39. Bxc7 $142 Rxe6 40. Bxb6 (40. dxe6 Rxc7 41. Rd2 Rxc6 $16)) 39... Ra4 40. Rg2 Rxe6 (40... Ra5 {was worth a try.} 41. Rd3 (41. Rxg6 Rxd5 42. Nf4 Rd1+ 43. Kh2 Nxf4 $15) 41... Ra8 42. Rxg6 Kh7) 41. dxe6 Re4 42. Rxg6 Kh7 43. Rg2 Rxe6 44. Rd3 Ne7 {intending ...Nf4.} 45. Rd7 Kh6 (45... Nf4 $142 46. Bxf6 (46. Rxc7 Nxg2 47. Bxf6 Rxc6 $16) 46... Nxg2 47. Bxe7 Ne1 48. Rxc7 Kg6) 46. Bc1+ Kh7 47. Rxc7 Ng7 48. Bd2 Ngf5 49. Bb4 Kh6 (49... Rxc6 $142 50. Rxe7+ (50. Bxe7 Rxc7 51. Bxf6 Rc6 $14) 50... Nxe7 51. Bxe7 Re6) 50. Bxe7 Nxe7 51. Rc2 Nf5 52. Rd7 Re1+ 53. Kh2 Ne3 {[#]} 54. c7 $1 {[%mdl 512] Accuracy: White = 65%, Black = 40%.} 1-0

[Event "MGL-HUN Friendship Cup 2019"]
[Site "Debrecen"]
[Date "2019.09.10"]
[Round "3.2"]
[White "Baklan, Vladimir"]
[Black "Laketic, Gojko"]
[Result "1-0"]
[WhiteElo "2604"]
[BlackElo "2367"]
[Annotator "TA"]
[PlyCount "81"]
[EventDate "2019.09.09"]
[EventType "tourn"]
[EventCountry "HUN"]
[SourceTitle "playchess.com"]
[Source "ChessBase"]
[SourceQuality "1"]

{[%evp 10,81,45,11,29,22,36,36,31,20,38,2,2,0,0,0,0,0,64,50,84,83,106,53,117,109,110,105,101,89,252,104,111,72,113,96,100,59,54,56,89,37,126,117,93,49,93,60,95,107,97,84,82,88,95,82,82,83,93,131,181,212,252,253,472,475,481,466,807,793,1586,1499,1280,1142]} 1. e4 g6 2. d4 Bg7 3. Nc3 d6 4. f4 Nf6 5. Nf3 O-O 6. a3 Nc6 {B09: Pirc Defence: Austrian Attack} 7. Be2 d5 8. e5 Ne4 {White is slightly better.} 9. O-O $146 (9. Bd3 f5 10. O-O e6 11. Be3 b6 12. Ng5 Nxg5 13. fxg5 {1-0 (46) Van Foreest,J (2612)-Fedoseev,V (2724) Wijk aan Zee 2019}) 9... Bg4 10. Qe1 (10. Qd3 {seems wilder.} e6 11. Nd1 f6 12. Nf2 Bf5 13. Qd1) 10... Bxf3 11. Bxf3 Nxd4 12. Bxe4 dxe4 13. Qxe4 Nc6 (13... c5 $11) 14. Be3 $36 {[%mdl 2048] White fights for an advantage.} Qd7 15. Rad1 Qe6 16. b4 (16. Nd5 $16 Qc8 17. Bc5) 16... a6 (16... Rad8 $14) 17. Nd5 $1 $16 {[%cal Rd5c7]} Rac8 18. c4 f5 19. Qf3 Qf7 $2 (19... Nd8 $16) 20. b5 (20. e6 $1 $18 {[%cal Re6f7] is the precise move to win.} Qe8 21. Bf2) 20... Nd8 21. a4 Ne6 22. a5 Ra8 23. Ra1 g5 $1 24. g3 Kh8 25. Nb4 ({Better is} 25. Kh1 $16) 25... Rab8 (25... gxf4 $14 26. gxf4 (26. Bxf4 Nxf4 27. Qxf4 axb5 $15) 26... Rab8) 26. fxg5 Bxe5 27. Rab1 Qg7 {[#]} 28. Nd3 $1 {Strongly threatening bxa6.} Bd4 {[#]} 29. h4 $1 Rbd8 30. Kg2 Bxe3 31. Qxe3 Qc3 32. Qe5+ Qxe5 33. Nxe5 Nc5 34. Rfd1 {Rxd8 is the strong threat.} Rd6 35. Rd5 Rxd5 36. cxd5 $18 {KRN-KRN} Kg7 $2 (36... Ra8 37. bxa6 Rxa6) 37. bxa6 {White is clearly winning.} bxa6 38. Rc1 Nb7 (38... Ne4 $142 39. Rxc7 Re8) 39. Rxc7 {[%mdl 64] Double Attack} Nxa5 40. Rxe7+ Kg8 41. d6 {Accuracy: White = 54%, Black = 39%.} 1-0

[Event "MGL-HUN Friendship Cup 2019"]
[Site "Debrecen"]
[Date "2019.09.10"]
[Round "3.3"]
[White "Nomin-Erdene, Davaademberel"]
[Black "Varga, Zoltan"]
[Result "1-0"]
[WhiteElo "2377"]
[BlackElo "2437"]
[Annotator "TA"]
[PlyCount "55"]
[EventDate "2019.09.09"]
[EventType "tourn"]
[EventCountry "HUN"]
[SourceTitle "playchess.com"]
[Source "ChessBase"]
[SourceQuality "1"]

{[%evp 16,55,44,29,44,41,68,10,46,44,77,53,80,50,91,83,95,110,146,140,146,141,162,139,410,315,310,198,199,200,485,398,401,391,418,397,567,558,760,643,621,491]} 1. e4 Nf6 2. e5 Nd5 3. d4 d6 4. c4 Nb6 5. exd6 exd6 6. Nc3 Be7 7. Bd3 Nc6 8. Nge2 Bg4 9. f3 Bh5 {B03: Alekhine's Defence: Four Pawns Attack} (9... Bh4+ 10. g3 Bxf3 11. O-O Bxe2 12. Qxe2+ Be7 13. Qe4 Qd7 14. Nd5 Nxd5 15. cxd5 Nb4 16. Bb1 Qb5 17. Bg5 {1-0 (31) Volokitin,A (2649)-Bortnyk,O (2581) Doha 2016}) 10. O-O Bg6 11. Be4 ({White should try} 11. Bxg6 $14 hxg6 12. b3) 11... O-O {The position is equal.} 12. b3 Qd7 $146 ({Predecessor:} 12... Re8 13. Be3 Bg5 14. Bf2 f5 15. Bb1 Be3 16. Bxe3 Rxe3 17. Qd2 {½-½ (43) Sapale,S (2308)-Boer,A (2088) Groningen 2017}) 13. Be3 Rae8 14. Qd2 Bxe4 15. fxe4 f5 16. d5 Ne5 17. Nd4 {[%cal Re4f5]} fxe4 18. Ne6 ({Don't play} 18. Nxe4 Qg4 $16) 18... Rxf1+ 19. Rxf1 c5 $2 {[%mdl 8192]} (19... c6 $16 {keeps fighting.}) 20. Qf2 Na8 {If only Black now had time for ...Nc7....} 21. Qg3 {[%csl Ge6][%cal Rg3g7] [#]} (21. Nxe4 Nc7 $16) 21... Ng6 22. Nxe4 $40 {[%mdl 128] Strongly threatening Qf3. Black is in trouble.} b6 $2 (22... Nc7) 23. Qf2 {White wants to mate with Qf7+.} Bh4 24. g3 Nc7 25. Nxd6 ({Don't do} 25. gxh4 Nxe6 26. h5 Rf8 $18) 25... Nxe6 (25... Rxe6 {was necessary.} 26. dxe6 Qxd6) 26. Nxe8 $18 {White is clearly winning.} ({Weaker is} 26. gxh4 Nef4 $16) (26. dxe6 Rxe6 27. Nf5 Bf6 $11) 26... Ng5 {Hoping for ...Nh3+.} 27. Bxg5 Bxg5 {[#]} 28. Qe1 {Played: Ne8-d6} 1-0

[Event "MGL-HUN Friendship Cup 2019"]
[Site "Debrecen"]
[Date "2019.09.11"]
[Round "4.1"]
[White "Lajthajm, Borko"]
[Black "Varga, Zoltan"]
[Result "0-1"]
[WhiteElo "2414"]
[BlackElo "2437"]
[Annotator "TA"]
[PlyCount "20"]
[EventDate "2019.09.09"]
[EventType "tourn"]
[EventCountry "HUN"]
[SourceTitle "playchess.com"]
[Source "ChessBase"]
[SourceQuality "1"]

{[%evp 11,100,25,33,0,10,0,2,-28,-22,-47,-43,-42,-34,-48,-33,-39,-32,-60,-13,-26,-9,-109,-106,-175,-163,-153,-163,-174,-177,-191,-175,-252,-250,-224,-218,-213,-229,-229,-226,-212,-228,-201,-220,-290,-286,-304,-268,-334,-327,-311,-299,-297,-288,-333,-328,-326,-331,-409,-413,-406,-405,-392,-407,-398,-413,-410,-408,-569,-562,-644,-631,-624,-604,-729,-730,-794,-790,-780,-784,-759,-757,-790,-799,-1333,-1196,-29964,-29965,-29965,-29966,-29947,-6571]} 1. e4 Nf6 2. e5 Nd5 3. Nf3 d6 4. Bc4 c6 5. d4 dxe5 6. Nxe5 Nd7 7. Qe2 {B04: Alekhine's Defence: 4 Nf3} (7. Nf3 {is interesting.} e6 8. O-O Be7 9. Bd3 c5 10. Nc3) (7. Nf3 N7f6 8. Bb3 Bg4 9. h3 Bh5 10. g4 Bg6 11. Ne5 Nd7 12. Nxg6 hxg6 13. c4 Nc7 14. Nc3 e5 {1-0 (31) Demchenko,A (2664)-Pavlov,S (2491) Konya 2018}) 7... Nxe5 8. dxe5 Bf5 9. Bb3 {The position is equal.} e6 10. Bd2 Bc5 {Played: Qd8-h4} 0-1

[Event "MGL-HUN Friendship Cup 2019"]
[Site "Debrecen"]
[Date "2019.09.11"]
[Round "4.2"]
[White "Laketic, Gojko"]
[Black "Nomin-Erdene, Davaademberel"]
[Result "0-1"]
[WhiteElo "2367"]
[BlackElo "2377"]
[Annotator "TA"]
[PlyCount "61"]
[EventDate "2019.09.09"]
[EventType "tourn"]
[EventCountry "HUN"]
[SourceTitle "playchess.com"]
[Source "ChessBase"]
[SourceQuality "1"]

{[%evp 9,61,30,50,25,24,25,59,64,63,54,63,62,51,62,59,54,32,-19,-9,-22,0,-33,-33,-33,-26,-43,-20,-53,-81,-80,-75,-76,-79,-53,-53,-54,-45,-93,-43,-28,-31,-100,0,0,0,0,0,-69,-64,-50,93,-332,-326,-548]} 1. e4 e6 2. d4 d5 3. Nc3 Bb4 4. Qg4 g6 5. e5 c5 6. Bd2 {C17: French: 3 Nc3 Bb4 4 e5 c5 sidelines} h5 $146 ({Predecessor:} 6... cxd4 7. Qxd4 Nc6 8. Qf4 Bf8 9. O-O-O Bg7 10. Nf3 a6 11. Bd3 Qc7 12. Rde1 h6 13. h4 Nge7 {0-1 (43) Guerra Rivera,S (2344)-Chatzieleftheriou,A (2166) Bratislava 2019}) 7. Qd1 Bd7 8. a3 {White is slightly better.} Bxc3 9. Bxc3 Qb6 10. Nf3 Bb5 11. dxc5 Qxc5 12. Qd4 Qc6 13. a4 (13. O-O-O $14) 13... Bxf1 $11 14. Kxf1 Ne7 15. g3 Nf5 16. Qd3 d4 17. Bd2 Nd7 18. Ke2 O-O 19. Nxd4 Nxd4+ 20. Qxd4 Rfd8 21. Rhc1 Nb6 $1 22. Qf4 Rd7 23. c4 Rad8 24. Be3 Nxa4 25. Rc2 Rd3 (25... Nc5 $17 26. f3 Qb6 27. Bxc5 Qxc5) 26. Qf3 {Qxc6 is the strong threat.} Qd7 $36 {[%mdl 2048] And now ...Rd1 would win. Black fights for an advantage.} 27. Kf1 Nc5 {[%cal Ba4c5,Bc5b3,Bb3d4][%mdl 32]} 28. b4 (28. Kg2 $1 $11) 28... Nb3 $15 29. Ra3 {[#] White wants to play Kg2.} Qe7 {[#]} ({Don't play} 29... Rd1+ $6 30. Kg2 $14) (29... a5 $1 $15 {[%mdl 512] keeps the upper hand.} 30. b5 (30. bxa5 Qc8) 30... Nd2+ 31. Rxd2 Rxd2) 30. Rxa7 $2 {[%mdl 8192]} (30. Qf6 $1 $16 {[%cal Rf6e7] is necessary to keep the advantage.} Qxf6 31. exf6) 30... Nd4 $19 {[%mdl 64] Double Attack} 31. Rxb7 $2 {Accuracy: White = 43%, Black = 63%.} (31. Bg5 {was the only defense.} Nxf3 32. Bxe7 Rd1+ 33. Kg2 Ne1+ {[%mdl 64] Double Attack} 34. Kh3) 0-1

[Event "MGL-HUN Friendship Cup 2019"]
[Site "Debrecen"]
[Date "2019.09.11"]
[Round "4.3"]
[White "Kovchan, Alexander"]
[Black "Baklan, Vladimir"]
[Result "1/2-1/2"]
[WhiteElo "2567"]
[BlackElo "2604"]
[Annotator "TA"]
[PlyCount "38"]
[EventDate "2019.09.09"]
[EventType "tourn"]
[EventCountry "HUN"]
[SourceTitle "playchess.com"]
[Source "ChessBase"]
[SourceQuality "1"]

{[%evp 20,21,44,23]} 1. e4 e6 2. d4 d5 3. Nc3 dxe4 4. Nxe4 Nd7 5. Nf3 Ngf6 6. Nxf6+ Nxf6 7. Bd3 c5 8. O-O cxd4 9. Nxd4 Be7 10. c3 O-O 11. Re1 {Predecessor:} Nd5 $146 12. Qh5 g6 13. Qf3 Bf6 14. Bh6 Bg7 15. Bxg7 Kxg7 16. Be4 Rb8 17. Bxd5 Qxd5 18. Qxd5 exd5 19. Re5 Rd8 {1-0 (45) Azarov,S (2586)-Rychagov,A (2528) Serpukhov 2007} 1/2-1/2